1990 1972 1578 1713 1264 1787 1751 1761 1010 1178 1879 1860 1731 1943 1697 1467 1963 1296 1521 1707 1476 1317 1185 1252 1962 1602 1227 1592 1649 1445 1987 1032 1351 1490 1338 1658 1690 1041 1052 1072 1725 1855 1136 1910 1982 1130 1267 1918 1491 1490 1604 1644 1124 1170 1979 1191 1917 1655 1492 1838 1919 1442 1131 1804 1767 1452 1443 1666 1780 1744 1078 1463 1981 1048 1683 1946 1855 1788 1747 1608 1886 1885 1155 1896 1386 1695 1574 1461 1275 1026 1396 1559 1359 1237 1938 1620 1905 1151 1055 BCNSPRNW ULIB Ver.6.0+V

เปลี่ยนเป็นภาษาไทย

Change to English
 แสดงรายละเอียดบรรณานุกรม
  กลับหน้าหลัก

Brief Record : Get Marc (ISO 2709) : E-mail record : QR code < ปิดหน้าต่าง
LEADER : 00000nam 2200000uu 4500
001    13399120417
003     ULIB
008    120920s2553||||th 000 0 tha d
020    ^a9789746725118
060 04 ^aWB100^bอ585 2553
245 00 ^aอาการวิทยาทางอายุรศาสตร์ /^cบรรณาธิการ, เมตตาภรณ์พรพัฒน์กุล, ขจรศักดิ์ นพคุณ
250    ^aพิมพ์ครั้งที่ 1
260    ^aเชียงใหม่ :^bภาควิชาอายุรศาสตร์ คณะแพทยศาสตร์มหาวิทยาลัยเชียงใหม่,^c2553
300    ^a429 หน้า :^bภาพประกอบ ;^c30 ซม.
650  7 ^aการรักษาโรค
650  7 ^aอายุรศาสตร์^vรวมเรื่อง
650  7 ^aอาการช็อก
650  7 ^aอาการใจสั่น
650  7 ^aอาการเหนื่อย
650  7 ^aการเต้นของหัวใจผิดปกติ
650  7 ^aอาการปวดท้อง
650  7 ^aอาการ^vรวมเรื่อง
700 0  ^aเมตตาภรณ์ พรพัฒน์กุล,^eบรรณาธิการ
700 0  ^aขจรศักดิ์ นพคุณ,^eบรรณาธิการ
710 2  ^aมหาวิทยาลัยเชียงใหม่. ^bคณะแพทยศาสตร์.^bภาควิชาอายุรศาสตร์
945    ^p0^l0^i17866
945    ^p0^l0^i17865
945    ^p0^l0^i17867
995    ^aกัณชพร
999 ^a ใช้งานได้ทุกระบบ
รายการนี้ยังไม่มีแท็ก
คุณยังไม่ได้ล็อกอิน คุณสามารถมีกิจกรรมร่วมกับเว็บไซต์ได้ แต่ต้องล็อกอินก่อน ::
  ล็อกอิน

รายการสื่อสารสนเทศ

ลำดับที่ ประเภท เลขเรียก/บาร์โค้ด สถานที่ สถานะ
1. วิทยาศาสตร์การแพทย์ และสุขภาพ
วิทยาศาสตร์การแพทย์ และสุขภาพ
WB100 อ585 2553  
  Barcode: 17866
ห้องสมุดวิทยาเขตนครสวรรค์
►ส่วนจัดเก็บหนังสือเก่า นว.
บนชั้น
  ขอยืม
2. วิทยาศาสตร์การแพทย์ และสุขภาพ
วิทยาศาสตร์การแพทย์ และสุขภาพ
WB100 อ585 2553 ฉ.2 
  Barcode: 17865
ห้องสมุดวิทยาเขตนครสวรรค์
►ส่วนจัดเก็บหนังสือเก่า นว.
บนชั้น
  ขอยืม
3. วิทยาศาสตร์การแพทย์ และสุขภาพ
วิทยาศาสตร์การแพทย์ และสุขภาพ
WB100 อ585 2553 ฉ.3 
  Barcode: 17867
ห้องสมุดวิทยาเขตนครสวรรค์
►ส่วนจัดเก็บหนังสือเก่า นว.
บนชั้น
  ขอยืม

รายการใกล้เคียง
    หัวเรื่อง [การรักษาโรค]
    หัวเรื่อง [อาการช็อก]
    หัวเรื่อง [อาการใจสั่น]
    หัวเรื่อง [อาการเหนื่อย]
    หัวเรื่อง [การเต้นของหัวใจผิดปกติ]
    หัวเรื่อง [อาการปวดท้อง]

BibComment


ยังไม่เคยถูกคอมเมนท์

คอมเมนท์ทรัพยากรรายการนี้
  คอมเมนท์: อาการวิทยาทางอาย..


 Copyright 2026. Bcnsprnw @Library